| 000 | 00721nam a22002057a 4500 | ||
|---|---|---|---|
| 005 | 20251108172737.0 | ||
| 008 | 250721s2001 xx 000 0 ara d | ||
| 082 | 1 | 4 | _a615.954/بنا |
| 100 | 1 | _aالبنا، عمرو عبد الرحمن | |
| 245 | 1 | 0 | _aالتسمم الغذائي البكتيري والفطري / |
| 246 | 1 | 1 | _aBacterial And fungal food poisoning |
| 264 | 1 |
_aالإسكندرية : _bمكتبة المعارف الحديثة، _c2001. |
|
| 300 | _a111ص | ||
| 490 | 0 | _aسلسلة علوم وتقنية (تكنولوجبا) الأغذية | |
| 650 | 1 | 7 | _aالتسميم |
| 650 | 1 | 7 | _aالتسمم الغذائي |
| 650 | 1 | 7 | _aالسموم الفطرية |
| 942 |
_2ddc _cBK |
||
| 999 |
_c87382 _d87382 |
||